01261nam a2200325 i 4500001000300000111011500003245021700118246005000335246001200385260007800397300003900475504004400514650002800558650002100586650002300607650003600630650003300666655002900699700004100728700002500769700003300794020001500827040000800842041000700850080001000857080001000867080000800877080000900885008004100894bg2 aIEEE International Conference on Methods and Models in Automation and Roboticsn(2 ;d1995 ;cMiędzyzdroje).00aProceedings of the 2nd International Symposium Methods and Models in Automation and Robotics :bMMAR'95 : 30 August - 2 September 1995, Międzyzdroje, Poland.nVol.1 /cedts S. Bańka, S. Domek, Z. Emirsajłow.30aMethods and models in automation and robotics31aMMAR'95 a[Szczecin] :bWydawnictwo Uczelniane Politechniki Szczecińskiej,c1995. aX, 453 s. :brys., wykr. ;c30 cm. aBibliogr. przy ref. - Indeks autorów. 9aAutomatykaxzagadnienia 9aAutomatyxteoria 9aSterowaniexteoria 9aSymulacjaxstosowaniextechnika 9aSieci neuronowexzagadnienia aMateriały konferencyjne1 aBańka, Stanisławd(1944- ).eRed.1 aDomek, Stefan.eRed.1 aEmirsajłow, Zbigniew.eRed. a838635917X cBPK0 aen a681.5 a62-52 a004 a(06) s pl f |000 0 pol